00313 a2200133 450000100060000002000060000604000240001210000230003624000390005924500340009830000070013236200090013965000310014845452 a  cAnchieta - Aquarius aFiorini, Margareth10aVinte mil léguas submarinaslpor10aVinte mil léguas submarinas a320 a1988 4aLiteratura infanto-juvenil